Know how (Record no. 75973)

MARC details
000 -LEADER
fixed length control field 00925cab a2200193 4500
001 - CONTROL NUMBER
control field ##L131154
008 - FIXED-LENGTH DATA ELEMENTS--GENERAL INFORMATION
fixed length control field 051004n2005 000 0 eng u
035 ## - SYSTEM CONTROL NUMBER
System control number (Sirsi) u131154
041 0# - LANGUAGE CODE
Language code of text/sound track or separate title eng
100 1# - MAIN ENTRY--PERSONAL NAME
Personal name Robertson, Stuart
245 ## - TITLE STATEMENT
Title Know how
Remainder of title planning gain
260 ## - PUBLICATION, DISTRIBUTION, ETC.
Date of publication, distribution, etc. 2005
490 ## - SERIES STATEMENT
Series statement Scottish Planning and Environmental Law
Volume/sequential designation 109 June 2005, 63-64(2)
520 ## - SUMMARY, ETC.
Summary, etc. Discusses the reasoning behind developer contributions or planning gain and the different approaches that can be taken. Sets out best practice for local authorities including early involvement with the developer, the use of historical data and usage formulae, allowances to made when redeveloping brownfield sites and the provision of affordable housing.
650 24 - SUBJECT ADDED ENTRY--TOPICAL TERM
Topical term or geographic name entry element SCOTTISH EXECUTIVE CIRCULAR 12/1996
651 04 - SUBJECT ADDED ENTRY--GEOGRAPHIC NAME
Geographic name Scotland
Chronological subdivision 1999-
690 ## - LOCAL SUBJECT ADDED ENTRY--TOPICAL TERM (OCLC, RLIN)
Topical term or geographic name as entry element ENVIRONMENTAL AND LAND CONSULTANCY-PLANNING AND DEVELOPMENT-PLANNING GUIDANCE
942 ## - ADDED ENTRY ELEMENTS (KOHA)
Suppress in OPAC 0
Holdings
Withdrawn status Lost status Source of classification or shelving scheme Damaged status Not for loan Home library Current library Shelving location Date acquired Total Checkouts Full call number Barcode Date last seen Copy number Price effective from Koha item type
    Dewey Decimal Classification     London London Journal article 04/10/2005   L131154 131154-1001 06/08/2019 1 06/08/2019 Journal article